Online
Catalog

Cayo Confite y Luperon: (Record no. 57404)

MARC details
000 -CABECERA
campo de control de longitud fija 01759nam a2200301 i 4500
003 - IDENTIFICADOR DEL NÚMERO DE CONTROL
campo de control DO-SdBNP
005 - FECHA Y HORA DE LA ÚLTIMA TRANSACCIÓN
campo de control 20240812115032.0
006 - CÓDIGOS DE INFORMACIÓN DE LONGITUD FIJA--CARACTERÍSTICAS DEL MATERIAL ADICIONAL
campo de control de longitud fija a||||gr|||| 00| 0
007 - CAMPO FIJO DE DESCRIPCIÓN FÍSICA--INFORMACIÓN GENERAL
campo de control de longitud fija ta
008 - DATOS DE LONGITUD FIJA--INFORMACIÓN GENERAL
campo de control de longitud fija 240812t1981 dr aoc|| |||| 00| 0 spa d
040 ## - FUENTE DE LA CATALOGACIÓN
Centro catalogador/agencia de origen DO-SdBNP
Lengua de catalogación spa
Centro/agencia transcriptor BNPHU
Normas de descripción rda
082 #4 - NÚMERO DE LA CLASIFICACIÓN DECIMAL DEWEY
Número de edición 22
Número de documento/Ítem A795c
100 1# - ENTRADA PRINCIPAL--NOMBRE DE PERSONA
Nombre de persona Arvelo, Tulio H
9 (RLIN) 52435
Término indicativo de función/relación autor
245 10 - MENCIÓN DE TÍTULO
Título Cayo Confite y Luperon:
Resto del título memorias de un expedicionario /
Mención de responsabilidad, etc. Tulio H. Arvelo; prólogo, José Espaillat.
264 #4 - PRODUCCIÓN, PUBLICACIÓN, DISTRIBUCIÓN, FABRICACIÓN Y COPYRIGHT
Producción, publicación, distribución, fabricación y copyright Santo Domingo :
Nombre del de productor, editor, distribuidor, fabricante Editorial UASD,
Fecha de producción, publicación, distribución, fabricación o copyright ©1981
300 ## - DESCRIPCIÓN FÍSICA
Extensión 295 páginas :
Otras características físicas ilustraciones, retratos ;
Dimensiones 21 cm.
336 ## - TIPO DE CONTENIDO
Fuente rdacontent
Término de tipo de contenido texto
Código de tipo de contenido tx
337 ## - TIPO DE MEDIO
Fuente rdamedia
Nombre/término del tipo de medio sin mediación
Código del tipo de medio n
338 ## - TIPO DE SOPORTE
Fuente rdacarrier
Nombre/término del tipo de soporte volumen
Código del tipo de soporte nc
490 0# - MENCIÓN DE SERIE
Mención de serie Historia y Sociedad ;
Designación de volumen o secuencia 51
505 ## - NOTA DE CONTENIDO CON FORMATO
Nota de contenido con formato Prólogo.-- Aclaraciones Prelimnares.-- Preludios de un tiranía.-- Mi primer viaje al extranjero.-- El camino hacia el cayo.-- La vida en Cayo Confite.-- El comienzo del fin.-- Estampidas en el Cayo.-- En busca de nueva oportunidades.-- Diligencias en la Habana.-- Diligencias en México.-- Últimos preparativos de la invasión.-- El Lago Izabal.-- El desembarco.-- La fuga a través de los montes.-- La captura.-- Respuesta a lagunas interrogantes.-- Traslado a Puerto Plata.-- Traslado a Santo Domingo.-- El proceso y la sentencia.-- Agilidad mental de Miguelucho.-- Infiltración trujillista en el Frente Interno.-- De nuevo hacia el exilio.
590 ## - NOTA LOCAL (RLIN)
Nota local Inventariado 2024 / MF
600 10 - PUNTO DE ACCESO ADICIONAL DE MATERIA--NOMBRE DE PERSONA
Nombre de persona Luperón, Gregorio,
Fechas asociadas al nombre 1839-1897
9 (RLIN) 888
Subdivisión de forma Cayo Confites
650 #4 - PUNTO DE ACCESO ADICIONAL DE MATERIA--TÉRMINO DE MATERIA
Término de materia o nombre geográfico como elemento de entrada Cayo Confites (Movimiento Militar)
Subdivisión geográfica República Dominicana
Subdivisión general Historia
9 (RLIN) 76516
700 14 - PUNTO DE ACCESO ADICIONAL--NOMBRE DE PERSONA
Nombre de persona Espaillat, José,
9 (RLIN) 44951
Término indicativo de función/relación prólogo
830 0# - PUNTO DE ACCESO ADICIONAL DE SERIE-TÍTULO UNIFORME
Número de parte o sección de la obra Publicaciones de la Universidad Autónoma de Santo Domingo
Nombre de parte o sección de la obra volumen 304
9 (RLIN) 86305
942 ## - ELEMENTOS DE PUNTO DE ACCESO ADICIONAL (KOHA)
Fuente del sistema de clasificación o colocación Dewey Decimal Classification
Tipo de ítem Koha Libro
Holdings
Estado de retiro Estado de pérdida Fuente del sistema de clasificación o colocación Restricciones de uso No para préstamo Código de colección Localización permanente Ubicación/localización actual Ubicación en estantería Fecha de adquisición Fuente de adquisición Total de préstamos Signatura topográfica completa Código de barras Fecha visto por última vez Precio válido a partir de Tipo de ítem Koha
    Dewey Decimal Classification Excluido de préstamo   Patrimonio Dominicano Biblioteca Nacional Pedro Henríquez Ureña Biblioteca Nacional Pedro Henríquez Ureña En catalogación 12.08.2023 Perteneció a la biblioteca personal de Emilio Cordero Michel / Presidencia de la República   A795c 2024-4748 12.08.2024 12.08.2024 Libro

Powered by Koha